000 00610nam a2200229Ia 4500
003 OSt
005 20220925221221.0
006 a|||||r|||| 00| 0
007 ta
008 220923b |||||||| |||| 00| 0 eng d
037 _cGeneral Book
040 _aRTL
_cRTL
_beng
041 _2eng
_aeng
082 _aX6xM83:g, L2
100 _aDavidson Paul
_9231719
245 0 _aMeney and the real world
260 _aLondon
_bMacmillan UK
_c1972
300 _axv, 369p.
_ccm.
650 _aKeynes
_9231657
942 _hX6xM83:g, L2
_cGB
_2CC
999 _c573613
_d573613